OPAC Home

නිර්නාමික ඝාතකයා (Record no. 42791)

MARC details
000 -LEADER
fixed length control field 00588nam a2200193Ia 4500
008 - FIXED-LENGTH DATA ELEMENTS--GENERAL INFORMATION
fixed length control field 130807t2011 xxu||||| |||| 00| 0 sin d
041 ## - LANGUAGE CODE
Language code of text/sound track or separate title Sinhala; Sinhalese
080 ## - UNIVERSAL DECIMAL CLASSIFICATION NUMBER
Universal Decimal Classification number 8-31 (America)
Item number LLO
942 ## - ADDED ENTRY ELEMENTS (KOHA)
Koha item type Books
003 - CONTROL NUMBER IDENTIFIER
control field LK-CoDNM
040 ## - CATALOGING SOURCE
Original cataloging agency LK-CoDNM
Modifying agency LK-CoDNM
Description conventions LK-CoDNM
100 ## - MAIN ENTRY--PERSONAL NAME
Personal name Llosa,Mario Vargas
700 ## - ADDED ENTRY--PERSONAL NAME
Personal name Gunawardena,Indika
Relator term translater
245 ## - TITLE STATEMENT
Title නිර්නාමික ඝාතකයා
246 ## - VARYING FORM OF TITLE
Title proper/short title Nirnamika Ghathakaya
260 ## - PUBLICATION, DISTRIBUTION, ETC. (IMPRINT)
Place of publication, distribution, etc. Vidharshana
-- Dehiwala
Date of publication, distribution, etc. 2011
300 ## - PHYSICAL DESCRIPTION
Other physical details 168p, 21 cm
500 ## - GENERAL NOTE
General note Sinhalese translation of Mario Vargas Llosa's of Who Killed Palomini Molero
Holdings
Withdrawn status Lost status Damaged status Not for loan Collection code Permanent Location Current Location Date acquired Full call number Barcode Koha item type
        Translation Library National Museum Colombo - Sri Lanka Library National Museum Colombo - Sri Lanka 2013-08-07 8-31 (America) LLO 383582 Books
Copyright © 2023 Department of National Museum, Colombo 07, Sri Lanka Funded by UNESCO IFAP UNESCO